书目信息 |
| 题名: |
控制测量
|
|
| 作者: | 严守庸 , 孙允恭 编 | |
| 分册: | 下册 | |
| 出版信息: | 北京 测绘出版社 1982 |
|
| 页数: | 478页 | |
| 开本: | 20cm | |
| 丛书名: | ||
| 单 册: | ||
| 中图分类: | P221 | |
| 科图分类: | ||
| 主题词: | ||
| 电子资源: | ||
| ISBN: | ||
| 000 | 00597nam0 2200229 45 | |
| 001 | 0182000381 | |
| 005 | 20060809103921.00 | |
| 010 | @dCNY1.65 | |
| 091 | @a15039.新261 | |
| 100 | @a19960109d1982 em y0chiy0121 ea | |
| 101 | 0 | @achi |
| 102 | @aCN@b110000 | |
| 105 | @ay z 000yy | |
| 200 | 10 | @a控制测量@Akong zhi ce liang@h下册@f严守庸,孙允恭编 |
| 210 | @a北京@c测绘出版社@d1982 | |
| 215 | @a478页@d20cm | |
| 300 | @a控制测量 | |
| 690 | @aP221@v3 | |
| 701 | 0 | @a严守庸@Ayan shou yong@4编 |
| 701 | 0 | @a孙允恭@Asun yun gong@4编 |
| 801 | 0 | @aCN@bTSSF@c20060809 |
| 905 | @a10447@dP221@e119:2 | |
| 控制测量.下册/严守庸,孙允恭编.-北京:测绘出版社,1982 |
| 478页;20cm |
| 控制测量 |
| ISBN :CNY1.65 |
| ● |
| 相关链接 |
|
|
|
|
正题名:控制测量
索取号:P221/119:2
 
预约/预借
| 序号 | 登录号 | 条形码 | 馆藏地/架位号 | 状态 | 备注 |
| 1 | 0451877 | 204518771 | 密集书库/ [索取号:P221/119:2] | 在馆 |